El conocimiento como desafío posible.

Na minha lista:
Detalhes bibliográficos
Autor principal: Zemelman, Hugo (autor)
Formato: Livro
Idioma:espanhol
Colecção:(Colección conversaciones didácticas)
Assuntos:
Tags: Adicionar Tag
Sem tags, seja o primeiro a adicionar uma tag!

MARC

LEADER 00000cam^a2200000uu^4500
001 000493809
005 20250521000000.0
008 042201s2002^^^^^^^^^^^^rd^r^^000^0^spa^d
009 20260310125511.087
022 |a 9685573018 
035 |a FCE 000037187 
035 |a FCE 037232 
037 |a Acervo ITESO - Biblioteca 
041 |a spa 
082 0 4 |a 121  |b ZEMc 
100 |a Zemelman, Hugo  |e (autor) 
245 1 3 |a El conocimiento como desafío posible. 
264 |a México :  |b Castellanos : UPN,  |c 2002. 
300 |a 112 p. 
336 |a texto  |b txt  |2 rdacontenido 
337 |a sin mediación  |b n  |2 rdamedio 
338 |a volumen  |b nc  |2 rdasoporte 
440 0 |a (Colección conversaciones didácticas) 
649 |a XX 
650 |a Didáctica 
650 |a Epistemología 
650 |a Conocimiento 
650 |a América Latina 
910 |a Fondo Centro de Estudios Educativos 
920 |a Impresos - Libros 
930 |a Fondos Especiales 
905 |a 133 
901 |a ALE037232  |b IT2  |c CEE  |u 20250521 
902 |a https://opac.biblio.iteso.mx/vufind/Record/000493809